Vista normal Vista MARC

Entrada Topical Term

Número de registros utilizados en: 1

001 - CONTROL NUMBER

  • control field: 25926

003 - CONTROL NUMBER IDENTIFIER

  • control field: OSt

005 - DATE AND TIME OF LATEST TRANSACTION

  • control field: 20210310223850.0

008 - FIXED-LENGTH DATA ELEMENTS

  • fixed length control field: 210310|| aca||aabn | a|a d

040 ## - CATALOGING SOURCE

  • Original cataloging agency: OSt
  • Transcribing agency: OSt

150 ## - HEADING--TOPICAL TERM

  • Topical term or geographic name entry element: Inversiones extranjeras-- América Latina Movimiento de capitales-- América Latina

670 ## - SOURCE DATA FOUND

  • Source citation: Work cat.: (OSt): Ocampo, Jose Antonio 6129, Los capitales extranjeros en las economias latinoamericanas, 1994